The in-house option: professional issues of library automation (Record no. 46540)

MARC details
000 -LEADER
fixed length control field 00595nam a2200157 a 4500
008 - FIXED-LENGTH DATA ELEMENTS--GENERAL INFORMATION
fixed length control field 120416s1987 ||||||||||||||||| || u
020 ## - INTERNATIONAL STANDARD BOOK NUMBER
International Standard Book Number 0866566171
050 ## - LIBRARY OF CONGRESS CALL NUMBER
Classification number Z 678.9 Web
100 ## - MAIN ENTRY--PERSONAL NAME
Personal name Webb, T. D
245 14 - TITLE STATEMENT
Title The in-house option: professional issues of library automation
246 ## - VARYING FORM OF TITLE
Title proper/short title professional issues of library automation
260 ## - PUBLICATION, DISTRIBUTION, ETC.
Place of publication, distribution, etc. New York:
Name of publisher, distributor, etc. The Haworth Press
Date of publication, distribution, etc. 1987
300 ## - PHYSICAL DESCRIPTION
Extent xx, 166p. : ill.
350 ## - PRICE (NR) (BK AM CF MU VM SE) [OBSOLETE]
Price 0.00
995 ## - RECOMMENDATION 995 [LOCAL, UNIMARC FRANCE]
-- 0.00
-- CBU-MAIN LIBRARY (Kitwe)
-- 1
-- 34.05
-- 1
-- AVAILABLE
-- Annex Low-Usage Collection
Holdings
Withdrawn status Lost status Source of classification or shelving scheme Damaged status Not for loan Home library Current library Shelving location Date acquired Total Checkouts Full call number Barcode Date last seen Price effective from Koha item type
          CBU-MAIN LIBRARY, KITWE. CBU-MAIN LIBRARY, KITWE.   11/30/2022   Z 678.9 Web 017514 11/30/2022 11/30/2022 MONOGRAPH